00402nam a2200133Ia 4500008004100000041001200041082001100053100001300064245011900077260002200196650001900218700001400237700001700251221030s9999 xx 000 0 und d aEnglish a105.23 aA. Mehta 0aTraining Notes on Energy Conservation & its Applicability in Pharma Industrycby A. Mehta, S. K. Sharma, N. Langer bMIETaJammuc2011 aTraining Notes aN. Langer aS. K. Sharma